000 00532nam a2200145Ia 4500
041 _aArabic
082 _a346,07 cut-489 ن
100 _a20260118u\\\\\\\\\\\y0engy0103\\\\ba
100 _aالمحامي موريس نخله
245 0 _aالكامل في شرح القانون المدني دراسة مقارنة الجزء الاول من المادة ١ حتى المادة ١١٨
250 _aط1
260 _bمنشورات الحلبي الحقوقية
_aبيروت - لبنان
_c2007
300 _a380
942 _cBk
999 _c188650
_d188650